Представление документа в формате RUSMARC

ПолеНазваниеЗначение
  Тип записи a
  Библиографический уровень m
001 Контрольный номер RU/IS/BASE/476529737
005 Дата корректировки 20240209174545.5
010 Индекс ISBN __
b Уточнения в пер.
d Цена 939 р. 60 к.
9 Тираж экз.
100 Данные общей обработки __
a Данные общей обработки 20150206d2015 ||| 0rusy0189 ca
101 Язык документа 0_
a Язык текста rus
102 Страна публикации __
a Страна публикации RU
105 Кодированные данные (монография) __
a Кодированные данные (монография) y###||||000|y
200 Заглавие и сведения об ответственности 1_
a Заглавие Смерть ростовщика
b Общее обозначение материала Текст
e Сведения, относящиеся к заглавию повесть и очерк
210 Выходные данные 1_
a Место издания Душанбе
c Издательство АДИБ
d Дата издания 1987
215 Физическое описание __
a Объем 224 с.
d Формат см.
300 Общие примечания __
a Общие примечания Ограничения по возрасту - +
300 Общие примечания __
a Общие примечания Под инв. номером 47798: 16-1
686 Индексы других классификаций __
a Классификационный индекс И(Тадж)
2 Код системы ББК
700 Автор _0
a Фамилия Айни
b Имя (инициалы) С.
801 Источник записи _0
a Страна RU
b Организация МБУК ЦБС г. Ульяновска
c Дата составления 20150206
g Правила каталогизации RCR
801 Источник записи _1
a Страна RU
b Организация МБУК ЦБС г. Ульяновска
c Дата составления 20150206
g Правила каталогизации RCR
899 Данные о местонахождении __
i Авторский знак А 37
j Расстановочный фильтр И(Тадж)
901 Тип документа __
t Тип документа m
910 Корректоры записи __
a Корректор записи Егорова